|
|
|
|
| LEADER |
00000nam0a2200000 4500 |
| 001 |
148164 |
| 005 |
20231101221338.0 |
| 010 |
|
|
|a 9785911318642
|
| 035 |
|
|
|a (RuTPU)RU\TPU\book\160616
|
| 035 |
|
|
|a RU\TPU\book\128069
|
| 090 |
|
|
|a 148164
|
| 100 |
|
|
|a 20070609d2009 m y0rusy50 ca
|
| 101 |
0 |
|
|a rus
|
| 102 |
|
|
|a RU
|
| 105 |
|
|
|a a j 001zy
|
| 200 |
1 |
|
|a Реклама
|e учебно-практическое пособие
|f Е. А. Песоцкий
|
| 205 |
|
|
|a 2-е изд., доп. и перераб.
|
| 210 |
|
|
|a Москва
|c Дашков и К
|d 2009
|
| 215 |
|
|
|a 384 с.
|c ил.
|
| 320 |
|
|
|a Библиогр.: с. 375-378.
|
| 330 |
|
|
|a В книге подробно рассмотрены все основные виды рекламы и правила их создания, принципы разработки стратегии рекламной кампании и расчета рекламного бюджета. Даны конкретные рекомендации, как выделить рекламу из «рекламной шумихи» и привлечь к ней внимание потребителей. Уделено внимание товарным знакам, их психологической, экономической и рекламной роли в продвижении товаров, а также роли рекламы в создании имиджа товарному знаку. Отличительной особенностью книги является то, что излагаемый материал проиллюстрирован большим количеством примеров из отечественной и зарубежной рекламной практики, помогающих быстро и правильно воспринимать и усваивать изложенный материал. Книга рассчитана на студентов вузов, специалистов в области рекламы и руководителей фирм-рекламодателей.
|
| 451 |
|
1 |
|0 (RuTPU)RU\TPU\book\128069
|y 5-91131-228-X
|t Реклама
|o учебно-практическое пособие
|f Е. А. Песоцкий
|c М.
|n Дашков и К
|d 2007
|p 368 с.
|a Песоцкий, Евгений Александрович
|
| 606 |
1 |
|
|a Реклама
|2 stltpush
|3 (RuTPU)RU\TPU\subj\24860
|9 49135
|
| 610 |
1 |
|
|a психология
|
| 610 |
1 |
|
|a психоанализ
|
| 610 |
1 |
|
|a бессознательное
|
| 610 |
1 |
|
|a слоган
|
| 610 |
1 |
|
|a радиореклама
|
| 610 |
1 |
|
|a телереклама
|
| 610 |
1 |
|
|a печатная реклама
|
| 610 |
1 |
|
|a невербальные средства
|
| 610 |
1 |
|
|a интервью
|
| 610 |
1 |
|
|a наружная реклама
|
| 610 |
1 |
|
|a Интернет-реклама
|
| 610 |
1 |
|
|a товарные знаки
|
| 610 |
1 |
|
|a бренды
|
| 610 |
1 |
|
|a рекламные услуги
|
| 610 |
1 |
|
|a имиджевая реклама
|
| 610 |
1 |
|
|a нейминг
|
| 610 |
1 |
|
|a международная реклама
|
| 610 |
1 |
|
|a рекламные кампании
|
| 610 |
1 |
|
|a бюджет
|
| 610 |
1 |
|
|a расчет
|
| 610 |
1 |
|
|a политическая реклама
|
| 610 |
1 |
|
|a учебные пособия
|
| 610 |
1 |
|
|a практические пособия
|
| 675 |
|
|
|a 659(075.8)
|v 3
|
| 700 |
|
1 |
|a Песоцкий
|b Е. А.
|g Евгений Александрович
|
| 801 |
|
1 |
|a RU
|b 63413507
|c 20081127
|g PSBO
|
| 801 |
|
2 |
|a RU
|b 63413507
|c 20150623
|g PSBO
|
| 900 |
|
|
|a Рекламное дело
|
| 900 |
|
|
|a Основы рекламы
|
| 942 |
|
|
|c BK
|
| 959 |
|
|
|a 112/20081124
|d 2
|e 242,00
|f ЧЗГЛ:1
|f АНЛ:1
|